| 000 | 00662nam a2200181 a 4500 | ||
|---|---|---|---|
| 001 | 000029935 | ||
| 005 | 20200930055924.0 | ||
| 008 | 110415s2001 dr 000 0 spa d | ||
| 040 |
_aDO-SdBNP _bspa _cBNPHU |
||
| 082 |
_axxx _bC3978s |
||
| 110 | 2 |
_aCentro Nacional de Investigaciones en Salud Materno Infantil _955757 |
|
| 245 | 1 | 0 |
_aCromosomopatías / _ceditora Hugo R. Mendoza. |
| 260 |
_aSanto Domingo : _bCENISMI, _c2001. |
||
| 300 |
_a28 p. ; _c28 cm. |
||
| 490 | 1 |
_aInvestigaciones clínicas _aEstudiso aplicados a la clínica _vv. 2 |
|
| 700 | 1 |
_aMendoza, Hugo R. _eed. _96390 |
|
| 830 | 0 |
_aInvestigaciones clínicas _pEstudiso aplicados a la clínica _v2 _956677 |
|
| 999 |
_c29427 _d29427 |
||